[Event "Smyslov Memorial"]
[Site "SchemingMind.com"]
[Date "2010.06.28"]
[Round "-"]
[White "Lars"]
[Black "rao"]
[Result "1-0"]
[WhiteCountry "SWE"]
[BlackCountry "INT"]
[WhiteElo "1583"]
[WhiteRD "69"]
[BlackElo "1452"]
[BlackRD "98"]
[GameID "252885"]

1. f4 d5 2. Nf3 Bf5 3. e3 Bg4 4. h3 Bh5 5. g4 Bg6 6. f5 Qd6 7. fxg6 hxg6 8. Qe2 e6 9. Qb5+ Qc6 10. Ne5 Qxb5
11. Bxb5+ c6 12. Be2 Bd6 13. Nd3 Bg3+ 14. Kd1 Nd7 15. b3 e5 16. Rg1 Bh4 17. Bb2 f6 18. c4 e4 19. Nf4 O-O-O 20. Nxg6 Rh6
21. Nf4 Re8 22. cxd5 Bg5 23. Ne6 Re7 24. Nxg5 fxg5 25. dxc6 bxc6 26. Rh1 Nb6 27. Na3 Rd7 28. Rc1 Rhd6 29. Rc2 Nd5 30. Ba6+ Kd8
31. Be5 Nxe3+ 32. Kc1 Rd5 33. Rxc6 Rxe5 34. Rc8+ Ke7 35. Rxg8 Rc5+ 36. Nc4 Nxc4 37. Bxc4 Kf6 38. Rf1+ Kg6 39. Kc2 a5 40. a4 Kh7
41. Ra8 Rd3 42. Rff8 Rd7 43. Rh8+ Kg6 44. Ra6+
1-0

[Event "Smyslov Memorial"]
[Site "SchemingMind.com"]
[Date "2010.06.27"]
[Round "-"]
[White "rao"]
[Black "Lars"]
[Result "0-1"]
[WhiteCountry "INT"]
[BlackCountry "SWE"]
[WhiteElo "1452"]
[WhiteRD "98"]
[BlackElo "1583"]
[BlackRD "69"]
[GameID "252889"]

1. e4 e5 2. Nf3 Nc6 3. Bc4 Be7 4. d3 Nf6 5. Ng5 O-O 6. Nc3 h6 7. Nh3 d6 8. Bxh6 gxh6 9. Qf3 Nd4 10. Qg3+ Kh8
11. O-O-O Be6 12. Qh4 Ng4 13. Qh5 Rg8 14. Bxe6 fxe6 15. f3 Nf6 16. Qxh6+ Nh7 17. Kb1 Qe8 18. Qe3 Rxg2 19. Rc1 Qh5 20. Nf2 Qxf3
21. Qxf3 Nxf3 22. Nfd1 Bg5 23. Nb5 Bxc1 24. Kxc1 Rxh2 25. Rxh2 Nxh2 26. Nxc7 Rc8 27. Nxe6 Nf3 28. Ne3 Nf6 29. Nf5 Ne8 30. Kd1 b5
31. c3 a5 32. Kc2 b4 33. c4 a4 34. a3 bxa3 35. bxa3 Rb8 36. Ne3 Rb3 37. Nd8 Rxa3 38. Nc6 Rb3 39. Na5 Rb8 40. Nd5 a3
41. Nc3 Nd4+ 42. Kd2 Rb2+ 43. Kc1 Nb3+ 44. Nxb3 Rxb3 45. Na2 Rxd3 46. Kb1 Rd4 47. Nc3 Rxc4 48. Nd5 Rxe4 49. Ka2 Ra4 50. Nc3 Ra8
51. Nb5 e4 52. Nxa3 Rxa3+ 53. Kxa3 e3
0-1

[Event "Smyslov Memorial"]
[Site "SchemingMind.com"]
[Date "2010.07.03"]
[Round "-"]
[White "memet"]
[Black "Naoki_M"]
[Result "1-0"]
[WhiteCountry "TUR"]
[BlackCountry "JPN"]
[WhiteElo "1630"]
[WhiteRD "67"]
[BlackElo "1728"]
[BlackRD "72"]
[GameID "253213"]

1. e4 c5 2. Nf3 d6 3. d4 cxd4 4. Nxd4 Nf6 5. Nc3 Nc6 6. Nb3 e5 7. Bg5 Be7 8. Bb5 O-O 9. h4 Be6 10. Bxf6 Bxf6
11. g4 a6 12. Be2 Rc8 13. g5 Be7 14. Nd2 Nd4 15. Nf3 Nxe2 16. Qxe2 Bc4 17. Qe3 b5 18. O-O-O Qa5 19. a3 b4 20. axb4 Qxb4
21. h5 a5 22. g6 h6 23. Nd2 Bg5 24. Qf3 fxg6 25. Qg4 gxh5 26. Rxh5 Rb8 27. b3 Qxc3 28. Rxg5 hxg5 29. Nxc4 Rxf2 30. Qe6+ Rf7
31. Nxd6 Rf8 32. Nxf7 Rxf7 33. Rd8+ Kh7 34. Qxf7 Qe1+ 35. Kb2 Qh4 36. Qg8+ Kh6 37. Qe6+ g6 38. Rh8+ Kg7 39. Rg8+
1-0

[Event "Smyslov Memorial"]
[Site "SchemingMind.com"]
[Date "2010.07.03"]
[Round "-"]
[White "Naoki_M"]
[Black "memet"]
[Result "1-0"]
[WhiteCountry "JPN"]
[BlackCountry "TUR"]
[WhiteElo "1728"]
[WhiteRD "72"]
[BlackElo "1630"]
[BlackRD "67"]
[GameID "253217"]

1. d4 d5 2. c4 Nf6 3. Nc3 e6 4. Nf3 c5 5. dxc5 Bxc5 6. e3 Nc6 7. Be2 O-O 8. O-O d4 9. exd4 Nxd4 10. Nxd4 Bxd4
11. Bg5 h6 12. Bxf6 Bxf6 13. Qxd8 Rxd8 14. Rad1 Rxd1 15. Rxd1 Bxc3 16. bxc3 b6 17. Rd8+ Kh7 18. a4 Bb7 19. Rxa8 Bxa8 20. f4 Kg6
21. Kf2 Be4 22. Bd1 Bd3 23. Bb3 Kf5 24. g3 Ke4 25. h3 Bb1 26. c5 bxc5 27. Bc4 Bd3 28. Bb3 c4 29. Bd1 f5 30. Bf3#
1-0

[Event "Smyslov Memorial"]
[Site "SchemingMind.com"]
[Date "2010.07.18"]
[Round "-"]
[White "Biagio"]
[Black "Jupp53"]
[Result "0-1"]
[WhiteCountry "ITA"]
[BlackCountry "GER"]
[WhiteElo "1915"]
[WhiteRD "75"]
[BlackElo "2043"]
[BlackRD "140"]
[GameID "254843"]

1. e4 e5 2. Nf3 Nf6 3. Nxe5 d6 4. Nf3 Nxe4 5. d4 d5 6. Bd3 Nc6 7. O-O Be7 8. c4 Nb4 9. Be2 O-O 10. Nc3 Bf5
11. a3 Nxc3 12. bxc3 Nc6 13. Re1 Re8 14. cxd5 Qxd5 15. Bf4 Bd6 16. c4 Qe4 17. Be3 Rad8 18. c5 Be7 19. Ra2 Bxc5
0-1

[Event "Smyslov Memorial"]
[Site "SchemingMind.com"]
[Date "2010.07.19"]
[Round "-"]
[White "Jupp53"]
[Black "Biagio"]
[Result "1-0"]
[WhiteCountry "GER"]
[BlackCountry "ITA"]
[WhiteElo "2075"]
[WhiteRD "135"]
[BlackElo "1885"]
[BlackRD "72"]
[GameID "254847"]

1. e4 d5 2. exd5 Nf6 3. Nf3 Nxd5 4. d4 g6 5. c4 Nb6 6. h3 Bg7 7. Nc3 O-O 8. Be3 Nc6 9. Qd2 e5 10. d5 Ne7
11. g4 f5 12. O-O-O fxg4 13. Ng5 g3 14. c5 g2 15. Bxg2 Nc4 16. Qe2 Nxe3 17. fxe3 Nf5 18. h4 Nxh4 19. Ne6 Bxe6 20. dxe6
1-0

[Event "Smyslov Memorial"]
[Site "SchemingMind.com"]
[Date "2010.09.08"]
[Round "-"]
[White "Frankygolucky"]
[Black "zogger"]
[Result "0-1"]
[WhiteCountry "GBR"]
[BlackCountry "GER"]
[WhiteElo "1824"]
[WhiteRD "104"]
[BlackElo "2068"]
[BlackRD "69"]
[GameID "259319"]

1. d4 Nf6 2. c4 g6 3. Nc3 Bg7 4. e4 d6 5. f4 O-O 6. Nf3 c5 7. d5 e6 8. Be2 exd5 9. cxd5 Bg4 10. O-O Nbd7
11. Re1 Re8 12. h3 Bxf3 13. Bxf3 Qa5 14. Be3 b5 15. a3 Nb6 16. Bf2 Nc4 17. Qc2 Nd7 18. a4 b4 19. Nd1 Ncb6 20. Ne3 Rac8
21. Rab1 c4 22. b3 cxb3 23. Qxb3 Nc5 24. Qa2 Nxe4 25. Bxe4 Rxe4 26. f5 Qxa4
0-1

[Event "Smyslov Memorial"]
[Site "SchemingMind.com"]
[Date "2010.09.08"]
[Round "-"]
[White "zogger"]
[Black "Frankygolucky"]
[Result "1-0"]
[WhiteCountry "GER"]
[BlackCountry "GBR"]
[WhiteElo "2068"]
[WhiteRD "69"]
[BlackElo "1824"]
[BlackRD "104"]
[GameID "259325"]

1. f4 d5 2. Nf3 Nf6 3. e3 g6 4. Be2 Bg7 5. O-O O-O 6. d3 c5 7. Ne5 Nc6 8. Nxc6 bxc6 9. Nd2 Nd7 10. e4 e5
11. f5 Qb6 12. c4 Nf6 13. g4 h6 14. Qe1 Qd8 15. Qg3 dxe4 16. Nxe4 Nxe4 17. dxe4 Qd4+ 18. Qe3 Rd8 19. Rd1 Qxe3+ 20. Bxe3 Ba6
21. Bxc5 Bf8 22. Be3 g5 23. Kf2 Kg7 24. Rxd8 Rxd8 25. Bxa7 Rd2 26. b3
1-0

[Event "Smyslov Memorial"]
[Site "SchemingMind.com"]
[Date "2010.09.07"]
[Round "-"]
[White "toms_dad"]
[Black "Jupp53"]
[Result "0-1"]
[WhiteCountry "ENG"]
[BlackCountry "GER"]
[WhiteElo "2148"]
[WhiteRD "89"]
[BlackElo "2131"]
[BlackRD "124"]
[GameID "259619"]

1. d4 d5 2. c4 c6 3. Nf3 Nf6 4. Nc3 dxc4 5. a4 Bf5 6. Ne5 Nbd7 7. Nxc4 Nb6 8. Ne5 a5 9. Bg5 g6 10. e3 Bg7
11. Bd3 Be6 12. Be2 Nfd5 13. Nd3 Nb4 14. Nc5 Bf5 15. Nxb7 Qc7 16. e4 Bc8 17. Nc5 Bxd4 18. O-O Bxc5
0-1

[Event "Smyslov Memorial"]
[Site "SchemingMind.com"]
[Date "2010.09.07"]
[Round "-"]
[White "Jupp53"]
[Black "toms_dad"]
[Result "1/2-1/2"]
[WhiteCountry "GER"]
[BlackCountry "ENG"]
[WhiteElo "2131"]
[WhiteRD "124"]
[BlackElo "2148"]
[BlackRD "89"]
[GameID "259624"]

1. e4 e5 2. Nf3 Nc6 3. Bb5 Nf6 4. O-O Nxe4 5. Re1 Nd6 6. Nxe5 Be7 7. Bf1 Nxe5 8. Rxe5 O-O 9. d4 Bf6 10. Re1 Nf5
11. c3 d5 12. Bf4 Nh4 13. Nd2 Bf5 14. Qb3 b6 15. Bb5 Bg5 16. Be3 Bxe3 17. Rxe3 Qd6 18. Rae1 c6 19. Bf1 Be6 20. Nf3=
1/2-1/2

[Event "Smyslov Memorial"]
[Site "SchemingMind.com"]
[Date "2010.09.28"]
[Round "-"]
[White "Lars"]
[Black "Orange Lion"]
[Result "0-1"]
[WhiteCountry "SWE"]
[BlackCountry "NED"]
[WhiteElo "1570"]
[WhiteRD "86"]
[BlackElo "2411"]
[BlackRD "82"]
[GameID "261448"]

1. f4 d5 2. Nf3 Nf6 3. e3 g6 4. c4 Bg7 5. Nc3 O-O 6. cxd5 Nxd5 7. d4 c5 8. Be2 cxd4 9. Nxd4 Nxf4 10. Bf3 e5
11. exf4 exd4 12. Ne4 Be6 13. O-O Qb6 14. Qd3 Na6 15. b3 Nb4 16. Qd2 d3+ 17. Kh1 Bxa1 18. Ba3 Nc2 19. Bxf8 Rxf8 20. Qxd3 Nb4
21. Qd6 Bd4 22. Qe7 Nxa2 23. Rd1 Bxb3 24. Rb1 Rc8 25. h3 Rc1+ 26. Rxc1 Nxc1 27. Ng5 Nd3 28. f5 Bd5 29. Bxd5 Qb1+ 30. Kh2 Qg1+
31. Kg3 Qf2+ 32. Kh2 Qf4+ 33. g3 Qf2+ 34. Bg2 Qg1#
0-1

[Event "Smyslov Memorial"]
[Site "SchemingMind.com"]
[Date "2010.09.29"]
[Round "-"]
[White "Orange Lion"]
[Black "Lars"]
[Result "1-0"]
[WhiteCountry "NED"]
[BlackCountry "SWE"]
[WhiteElo "2414"]
[WhiteRD "82"]
[BlackElo "1571"]
[BlackRD "80"]
[GameID "261453"]

1. e4 c5 2. Nf3 Nc6 3. d4 cxd4 4. Nxd4 Nf6 5. Nc3 d5 6. Bb5 Qd6 7. Ba4 Nxe4 8. Ndb5 Qc5 9. Nxe4 Qc4 10. Nc7+ Kd8
11. Qxd5+ Qxd5 12. Nxd5 Bd7 13. Ng5 Be8 14. Bf4 e5 15. O-O-O Nd4 16. Bxe5 f6 17. Rxd4 fxe5 18. Ne6+ Kc8 19. Nb6+ axb6 20. Rd8#
1-0

[Event "Smyslov Memorial"]
[Site "SchemingMind.com"]
[Date "2010.10.27"]
[Round "-"]
[White "Midlander"]
[Black "Mekk"]
[Result "1-0"]
[WhiteCountry "ENG"]
[BlackCountry "POL"]
[WhiteElo "2211"]
[WhiteRD "71"]
[BlackElo "1928"]
[BlackRD "110"]
[GameID "264560"]

1. d4 d5 2. c4 c6 3. Nf3 Nf6 4. e3 e6 5. b3 Bb4+ 6. Nbd2 Nbd7 7. Bb2 Ne4 8. a3 Bxd2+ 9. Nxd2 Nxd2 10. Qxd2 Nf6
11. f3 dxc4 12. bxc4 O-O 13. Bd3 c5 14. O-O cxd4 15. exd4 Bd7 16. Rfe1 Bc6 17. a4 b6 18. a5 Qc7 19. d5 exd5 20. Bxf6 dxc4
21. Qg5
1-0

[Event "Smyslov Memorial"]
[Site "SchemingMind.com"]
[Date "2010.10.27"]
[Round "-"]
[White "Mekk"]
[Black "Midlander"]
[Result "0-1"]
[WhiteCountry "POL"]
[BlackCountry "ENG"]
[WhiteElo "1901"]
[WhiteRD "110"]
[BlackElo "2218"]
[BlackRD "83"]
[GameID "264565"]

1. e4 c5 2. Nf3 Nc6 3. d4 cxd4 4. Nxd4 Nf6 5. Nc3 e6 6. Be3 Bb4 7. Nb5 Nxe4 8. Qg4 Nf6 9. Qxg7 Rg8 10. Qh6 Rg6
11. Qh3 a6 12. Bd3 axb5 13. Bxg6 fxg6 14. Bg5 Nd4 15. O-O Bxc3 16. bxc3 Nxc2 17. Rac1 Na3 18. Qh4 Kf7 19. Qxh7+ Nxh7 20. Bxd8 Nc4
21. Rc2 d6 22. Bh4 e5 23. Re1 Bf5 24. Rcc1 Rxa2 25. Red1 g5 26. Bg3 Nf6 27. f3 Ke6 28. Bf2 Nd5 29. Re1 Nf4 30. Kf1 Nd3
0-1

[Event "Smyslov Memorial"]
[Site "SchemingMind.com"]
[Date "2010.12.14"]
[Round "-"]
[White "Jupp53"]
[Black "Orange Lion"]
[Result "0-1"]
[WhiteCountry "GER"]
[BlackCountry "NED"]
[WhiteElo "2144"]
[WhiteRD "130"]
[BlackElo "2415"]
[BlackRD "86"]
[GameID "269426"]

1. e4 e6 2. d3 d5 3. Nd2 Nf6 4. Ngf3 c5 5. g3 Nc6 6. Bg2 Be7 7. O-O O-O 8. Re1 b5 9. e5 Nd7 10. Nf1 a5
11. h4 b4 12. h5 f6 13. exf6 Bxf6 14. h6 Nde5 15. hxg7 Nxf3+ 16. Bxf3 Bxg7 17. Rb1 Qd6 18. Bg2 Ra7 19. Nh2 Raf7 20. Rf1 Nd4
21. Ng4 e5 22. Nh2 e4 23. dxe4 Ba6 24. Bf4 Rxf4 25. gxf4 Qxf4 26. c3 Ne2+ 27. Kh1 Bc4
0-1

[Event "Smyslov Memorial"]
[Site "SchemingMind.com"]
[Date "2010.12.14"]
[Round "-"]
[White "Orange Lion"]
[Black "Jupp53"]
[Result "1/2-1/2"]
[WhiteCountry "NED"]
[BlackCountry "GER"]
[WhiteElo "2415"]
[WhiteRD "86"]
[BlackElo "2144"]
[BlackRD "130"]
[GameID "269435"]

1. e4 e5 2. Nf3 Nf6 3. Nc3 Nc6 4. Bb5 Nd4 5. Bc4 Bc5 6. Nxe5 Qe7 7. Nf3 d5 8. Bxd5 Nxd5 9. Nxd4 Nxc3 10. dxc3 Qxe4+
11. Qe2 Qxe2+ 12. Kxe2 Bd7 13. Bf4 O-O-O 14. Rhe1 Rhe8+ 15. Kf1 Bxd4=
1/2-1/2

[Event "Smyslov Memorial"]
[Site "SchemingMind.com"]
[Date "2011.01.14"]
[Round "-"]
[White "Naoki_M"]
[Black "Midlander"]
[Result "0-1"]
[WhiteCountry "JPN"]
[BlackCountry "ENG"]
[WhiteElo "1601"]
[WhiteRD "67"]
[BlackElo "2252"]
[BlackRD "89"]
[GameID "272369"]

1. d4 f5 2. c4 Nf6 3. g3 g6 4. Bg2 Bg7 5. Nf3 O-O 6. O-O d6 7. Nc3 Qe8 8. Re1 Qf7 9. b3 Ne4 10. Nxe4 fxe4
11. Bf4 exf3 12. Bxf3 Nc6 13. e3 g5 14. Bh5 Qf6 15. Rc1 gxf4 16. exf4 Nxd4 17. Re3 e5 18. Qf1 exf4 19. gxf4 Qxf4 20. Rg3 Nf5
21. Rg2 Ne3 22. Qe2 Nxg2 23. Kxg2 Qg5+
0-1

[Event "Smyslov Memorial"]
[Site "SchemingMind.com"]
[Date "2011.01.14"]
[Round "-"]
[White "Midlander"]
[Black "Naoki_M"]
[Result "1-0"]
[WhiteCountry "ENG"]
[BlackCountry "JPN"]
[WhiteElo "2252"]
[WhiteRD "89"]
[BlackElo "1601"]
[BlackRD "67"]
[GameID "272375"]

1. c4 c5 2. g3 g6 3. Bg2 Bg7 4. Nf3 Nf6 5. Nc3 O-O 6. O-O Nc6 7. d4 d6 8. dxc5 dxc5 9. Be3 Qxd1 10. Rfxd1 Nd7
11. Nd2 Rd8 12. Nb3 Bd4 13. Nxd4 cxd4 14. Bxd4 Nxd4 15. Rxd4 Kf8 16. Rad1 Ke8 17. Nb5 Rb8 18. Nxa7 e5 19. Rd6 Ke7 20. Bc6 bxc6
21. Nxc6+ Ke8 22. Nxb8
1-0

[Event "Smyslov Memorial"]
[Site "SchemingMind.com"]
[Date "2011.03.16"]
[Round "-"]
[White "zogger"]
[Black "Midlander"]
[Result "1/2-1/2"]
[WhiteCountry "GER"]
[BlackCountry "ENG"]
[WhiteElo "2187"]
[WhiteRD "69"]
[BlackElo "2221"]
[BlackRD "88"]
[GameID "278614"]

1. f4 g6 2. Nf3 Bg7 3. e3 c5 4. Be2 Nc6 5. O-O e6 6. d3 Nge7 7. c3 d5 8. e4 b6 9. e5 Bb7 10. d4 O-O
11. g4 cxd4 12. cxd4 Rc8 13. Kg2 Na5 14. h3 Qd7 15. b3 Rc7 16. Na3 a6 17. Nc2 Rfc8 18. Nb4 Ra8 19. Bd2 Nac6 20. Nd3 Rac8
21. b4 Nd8 22. a4 Ra8 23. Qe1 Ndc6 24. a5 bxa5 25. bxa5 Qe8 26. Rc1 Rac8 27. Rb1 Ra8 28. Nc5 Bc8=
1/2-1/2

[Event "Smyslov Memorial"]
[Site "SchemingMind.com"]
[Date "2011.03.16"]
[Round "-"]
[White "Midlander"]
[Black "zogger"]
[Result "1/2-1/2"]
[WhiteCountry "ENG"]
[BlackCountry "GER"]
[WhiteElo "2221"]
[WhiteRD "88"]
[BlackElo "2187"]
[BlackRD "69"]
[GameID "278616"]

1. c4 c6 2. g3 d5 3. Nf3 Nf6 4. Bg2 dxc4 5. O-O Nbd7 6. Na3 Nb6 7. Qc2 Be6 8. Ng5 Qd7 9. b3 cxb3 10. axb3 g6
11. Nc4 Nxc4 12. bxc4 Bg4 13. d3 Bg7 14. Be3 O-O 15. Rxa7 Rxa7 16. Bxa7 b5 17. Be3 bxc4 18. dxc4 Rd8 19. Bb6=
1/2-1/2

[Event "Smyslov Memorial"]
[Site "SchemingMind.com"]
[Date "2011.04.13"]
[Round "-"]
[White "Midlander"]
[Black "Orange Lion"]
[Result "1/2-1/2"]
[WhiteCountry "ENG"]
[BlackCountry "NED"]
[WhiteElo "2256"]
[WhiteRD "89"]
[BlackElo "2413"]
[BlackRD "77"]
[GameID "280587"]

1. d4 e6 2. c4 Nf6 3. g3 d5 4. Nf3 Be7 5. Bg2 O-O 6. O-O dxc4 7. Qc2 a6 8. Qxc4 b5 9. Qc2 Bb7 10. Bd2 Be4
11. Qc1 Bb7 12. Qc2 Be4 13. Qc1 Bb7 14. Qc2 Nbd7 15. Ba5 Rc8 16. Nbd2 Qe8 17. b4 Nb8 18. a3 Nc6 19. Nb3 Bd6 20. Nfd2 e5
21. dxe5 Bxe5 22. Rac1 Nd4 23. Nxd4 Bxg2 24. Kxg2 Bxd4 25. e3 Bb6 26. Bxb6 cxb6 27. Qf5 h6 28. Rfd1=
1/2-1/2

[Event "Smyslov Memorial"]
[Site "SchemingMind.com"]
[Date "2011.04.12"]
[Round "-"]
[White "Orange Lion"]
[Black "Midlander"]
[Result "1-0"]
[WhiteCountry "NED"]
[BlackCountry "ENG"]
[WhiteElo "2430"]
[WhiteRD "77"]
[BlackElo "2253"]
[BlackRD "86"]
[GameID "280591"]

1. e4 e6 2. d4 d5 3. Nc3 Bb4 4. e5 c5 5. a3 Bxc3+ 6. bxc3 Ne7 7. Qg4 O-O 8. Bd3 f5 9. exf6 Rxf6 10. Bg5 Rf7
11. Qh5 g6 12. Qd1 Nbc6 13. Nf3 Qf8 14. O-O c4 15. Be2 h6 16. Bc1 Bd7 17. a4 Qg7 18. Ba3 g5 19. Rb1 b6 20. Bd6 Nf5
21. Be5 Qf8 22. h3 Nh4 23. Bg3 Nf5 24. Bh2 Nd6 25. Nd2 Qe7 26. Re1 Nf5 27. Nf1 Rf6 28. Bg4 Raf8 29. a5 bxa5 30. Bxf5 Rxf5
31. Ne3 Rxf2 32. Ng4 R2f6 33. Nxf6+ Rxf6 34. Rb7 a4 35. Rc7 a3 36. Qb1 Rf7 37. Qb7 a2 38. Rxc6 Qa3 39. Ra6 Qxc3 40. Qb8+ Rf8
41. Qe5 Rf5 42. Qe3 Qxc2 43. Rxa7 Rf7 44. Qe2
1-0